CAD techniques: opportunities for Chartered Quantity Surveyors (Record no. 90681)

MARC details
000 -LEADER
fixed length control field 00822cam a2200265 4500
001 - CONTROL NUMBER
control field B912
008 - FIXED-LENGTH DATA ELEMENTS--GENERAL INFORMATION
fixed length control field 090401t1987 xxu||||| |||| 00| 0 eng d
035 ## - SYSTEM CONTROL NUMBER
System control number (Sirsi) u38670
041 ## - LANGUAGE CODE
Language code of text/sound track or separate title eng
050 ## - LIBRARY OF CONGRESS CALL NUMBER
Classification number 692.50285
090 ## - LOCALLY ASSIGNED LC-TYPE CALL NUMBER (OCLC); LOCAL CALL NUMBER (RLIN)
Classification number (OCLC) (R) ; Classification number, CALL (RLIN) (NR) RICS 1987/18ABCD
100 ## - MAIN ENTRY--PERSONAL NAME
Personal name Atkin, Brian
245 ## - TITLE STATEMENT
Title CAD techniques: opportunities for Chartered Quantity Surveyors
260 ## - PUBLICATION, DISTRIBUTION, ETC.
Place of publication, distribution, etc. London
Name of publisher, distributor, etc. Royal Institution of Chartered Surveyors
Date of publication, distribution, etc. 1987
300 ## - PHYSICAL DESCRIPTION
Extent 120p. ; 30cm.
350 ## - PRICE (NR) (BK AM CF MU VM SE) [OBSOLETE]
Price 10
520 ## - SUMMARY, ETC.
Summary, etc. Sponsored by the QS Division of the RICS : prepared at the Department of Construction Management, University of Reading .
650 ## - SUBJECT ADDED ENTRY--TOPICAL TERM
Topical term or geographic name entry element COMPUTER AIDED DESIGN
650 ## - SUBJECT ADDED ENTRY--TOPICAL TERM
Topical term or geographic name entry element COMPUTERS
650 ## - SUBJECT ADDED ENTRY--TOPICAL TERM
Topical term or geographic name entry element BUILT ENVIRONMENT-QUANTITY SURVEYING
700 ## - ADDED ENTRY--PERSONAL NAME
Personal name Gill, Moira
700 ## - ADDED ENTRY--PERSONAL NAME
Personal name Newton, Sidney
942 ## - ADDED ENTRY ELEMENTS (KOHA)
Suppress in OPAC 0
948 ## - LOCAL PROCESSING INFORMATION (OCLC); SERIES PART DESIGNATOR (RLIN)
c (OCLC) 04/03/1997
Holdings
Withdrawn status Lost status Source of classification or shelving scheme Damaged status Not for loan Home library Current library Shelving location Date acquired Cost, normal purchase price Total Checkouts Full call number Barcode Date last seen Date last checked out Copy number Cost, replacement price Price effective from Koha item type
    Dewey Decimal Classification     Historic collection Historic collection RICS Boxes 14/09/1999 10.00 1 RICS 1987/18 30031809 06/08/2019 20/02/2001 1 10.00 06/08/2019 Archive
    Dewey Decimal Classification     London London RICS Boxes 14/09/1999 10.00 1 RICS 1987/18 30031813 06/08/2019 27/10/2009 1 10.00 06/08/2019 Book
    Dewey Decimal Classification     London London RICS Boxes 14/09/1999 10.00   RICS 1987/18 30031817 06/08/2019   2 10.00 06/08/2019 Reference material